| 000 | 00786nam a2200229 4500 | ||
|---|---|---|---|
| 008 | 171207b xxu||||| |||| 00| 0 eng d | ||
| 020 | _a9780898796490 | ||
| 082 |
_21995 _aDC 364.1 _bB62b |
||
| 100 |
_924408 _aCorvasce, Mauro V., author. |
||
| 245 |
_aModus operandi : _ba writer's guide to how criminals work / _cMauro V. Corvasce, Joseph R. Paglino. |
||
| 250 | _aFirst edition | ||
| 260 |
_aCincinnati, OH : _bWriter's Digest Books, _c©1995. |
||
| 300 |
_a217 pages ; _c23 cm. |
||
| 500 | _aIncludes index. | ||
| 650 | 0 |
_924411 _aCrime writing |
|
| 650 | 0 |
_924412 _aCrime _xResearch |
|
| 650 | 0 |
_924415 _aCrime _xCriminal Psychology |
|
| 650 | 0 |
_924416 _aCriminals |
|
| 650 | 0 |
_924418 _a Forensic Sciences |
|
| 700 |
_924421 _aPaglino, Joseph R., author. |
||
| 942 |
_2ddc _cDC |
||
| 999 |
_c7946 _d7946 |
||